Meryl Streep Movies Quiz Stats

 Plays Quiz Updated Dec 31, 2020

Support Sporcle.
Go Orange.
Score 0/62 Timer 10:00
0 Plays Today
Year Movie Title % Correct
2006*The Devil Wears Prada
85.6%
2008Mamma Mia!
79.7%
1979*Kramer vs. Kramer
77.2%
2018Mamma Mia! Here We Go Again
76.9%
2017*The Post
76%
1982*Sophie's Choice
75.2%
2019Little Women
69.7%
2014*Into the Woods
67.8%
2009*Julie & Julia
67%
1985*Out of Africa
64.7%
1978*The Deer Hunter
62.9%
2008*Doubt
61.8%
2011*The Iron Lady
56.4%
2016*Florence Foster Jenkins
56.1%
1992Death Becomes Her
55.8%
1995*The Bridges of Madison County
54.1%
2013*August: Osage County
53.3%
1983*Silkwood
53.2%
2020The Prom
52.2%
2018Mary Poppins Returns
48.3%
2009It's Complicated
48%
2002The Hours
47.2%
2002*Adaptation.
46.4%
2015Ricki and the Flash
44.3%
1977Julia
44.3%
1994The River Wild
43.5%
1981*The French Lieutenant's Woman
41.8%
1990*Postcards from the Edge
41.4%
2019The Laundromat
41.2%
2020Let Them All Talk
41.1%
1987*Ironweed
40.7%
Year Movie Title % Correct
1989She-Devil
39.9%
1988*Evil Angels
39.7%
2009Fantastic Mr. Fox
39%
2012Hope Springs
38.6%
1999*Music of the Heart
38%
2014The Giver
37.9%
1979Manhattan
37.6%
2004The Manchurian Candidate
36%
2007Lions for Lambs
33.2%
2015Suffragette
32.7%
1998*One True Thing
32.2%
1996Marvin's Room
32.1%
1986Heartburn
31%
2004Lemony Snicket's A Series of Unfortunate Events
30.3%
2005Prime
29.3%
1984Falling in Love
28%
2007Rendition
27.2%
2001A.I. Artificial Intelligence
25.3%
2006A Prairie Home Companion
25.1%
1985Plenty
24.7%
1991Defending Your Life
24.4%
2006The Ant Bully
24.3%
2007Evening
24.2%
2014The Homesman
23.1%
1996Before and After
22%
1993The House of the Spirits
21.9%
1979The Seduction of Joe Tynan
21.9%
1999Dancing at Lughnasa
21.8%
1982Still of the Night
21.7%
2007Dark Matter
20.3%
2016The Guardian Brothers
16.4%

From the Vault

Premier League XIs (2012-13)

by Freddie

Sports 20m
Is it too soon to start looking back at the 2012-13 Premier League campaign? We don't think so.
Remove Ads.
Support Sporcle.
Get the best of Sporcle when you Go Orange. This ad-free experience offers more features, more stats, and more fun while also helping to support Sporcle. Thank you for becoming a member.

Show Comments

Extras

Top Quizzes Today


Score Distribution

Your Account Isn't Verified!

In order to create a playlist on Sporcle, you need to verify the email address you used during registration. Go to your Sporcle Settings to finish the process.

Report this User

Report this user for behavior that violates our Community Guidelines.

Details: